La littérature de A à Z - Statistiques

Statistiques générales
  • Ce quiz a été pris 479 fois
  • Le résultat moyen est 14 sur 26
Statistiques - réponses
Lettre Indice Réponse % Correct
B Auteur des "Fleurs du mal" Baudelaire
99%
M Lorsqu'un personnage parle tout seul Monologue
91%
G Prix littéraire décerné depuis 1903 Goncourt
85%
V Auteur du "Tour du monde en 80 jours" Verne
85%
T Le petit amoureux d'Iseult Tristan
82%
L Elles sont dangereuses pour Choderlos de Laclos Liaisons
81%
D Auteur de la "Divine Comédie" Dante
75%
S Prénom de Zweig ou Mallarmé Stéphane/Stefan
72%
Z Autre auteur rattaché au N Zola
67%
Y Première femme à l'Académie française Yourcenar
66%
I Premiers mots d'un livre Incipit
63%
O Vers qui en compte huit Octosyllabe
57%
R Mouvement littéraire précédent directement le N Réalisme
56%
N Mouvement littéraire auquel se rattachent les créateurs du G Naturalisme
53%
J Que feras-tu demain dès l'aube, à l'heure où blanchit la campagne ? Je partirai
47%
E Décoration dessinée sur un manuscrit Enluminure
46%
Q Auteur de "Zazie dans le métro" Queneau
44%
C Entre deux hémistiches Césure
43%
X Siècle de Rutebeuf XIII
43%
F Personnage mythique de la littérature allemande Faust
40%
U Célèbre ouvrage de Jane Joyce Ulysse
35%
K Auteur franco-tchèque malheureusement décédé en 2023 Kundera
31%
A Le flashback littéraire Analepse
29%
W Célèbre poète irlandais Wilde
26%
H Il écrit "à rebours" Huysmans
20%
P Un des deux seuls à avoir refusé le prix Nobel de Littérature Pasternak
3%
Aucun quiz correspondant
Distribution des résultats
% des personnes avec chaque résultat
Percentile par nombre de réponses
Votre historique - résultats
Vous n’avez pas pris ce quiz